[Event "Czech Open A 2013"]
[Site "Pardubice CZE"]
[Date "2013.07.25"]
[Round "7.13"]
[White "Breder,D"]
[Black "Nabaty,T"]
[Result "1/2-1/2"]
[WhiteElo "2465"]
[BlackElo "2586"]
[EventDate "2013.07.19"]

1. e4 c5 2. Nf3 e6 3. c3 Nf6 4. e5 Nd5 5. Bc4 Nc7 6. d4 b5 7. Bd3 Bb7 8. O-O d6
9. Qe2 c4 10. Bc2 Bxf3 11. Qxf3 d5 12. Qh3 h5 13. Qg3 g6 14. Nd2 Nc6 15. Nf3 Qd7
16. Bg5 Be7 17. Qf4 O-O-O 18. h3 Bxg5 19. Nxg5 Rdf8 20. h4 Qe7 21. Rfe1 Na8 22.
b4 Nb6 23. a4 a6 24. axb5 axb5 25. Re3 Kb7 26. Rf3 Nd8 27. Ra5 Qe8 28. Qc1 Na8
29. Qa3 Nc7 30. Ra7+ Kb8 31. Qa5 Qc6 32. g3 Nb7 33. Qa3 Qb6 34. Rxb7+ Qxb7 35.
Nxf7 Rhg8 36. Qa5 Rg7 37. Ng5 Rxf3 38. Nxf3 Kc8 39. Ng5 Kd7 40. Qa1 Qa6 41. Qxa6
Nxa6 42. Kf1 Nb8 43. Ke2 Nc6 44. Kd2 Ne7 45. Kc1 Ng8 46. f3 Nh6 47. Kd2 Ke7 48.
Bb1 Rg8 49. Kc1 Nf7 50. Nxf7 Kxf7 51. f4 Ra8 52. Kb2 Ke7 53. Bc2 Rh8 54. Kc1 g5
55. hxg5 h4 56. gxh4 Rxh4 57. f5 exf5 58. Bxf5 Rh5 59. Bc8 Rxg5 60. Bb7 1/2-1/2

[Event "Czech Open A 2013"]
[Site "Pardubice CZE"]
[Date "2013.07.25"]
[Round "7.14"]
[White "Plat,V"]
[Black "Bernasek,J"]
[Result "1-0"]
[WhiteElo "2447"]
[BlackElo "2551"]
[EventDate "2013.07.19"]

1. e4 c5 2. Nf3 d6 3. d4 cxd4 4. Qxd4 Nf6 5. e5 Nc6 6. Bb5 Qa5+ 7. Nc3 Qxb5 8.
Nxb5 Nxd4 9. Nfxd4 dxe5 10. Nc7+ Kd7 11. Nxa8 exd4 12. Bf4 Nd5 13. O-O-O e6 14.
Rxd4 Bc5 15. Rc4 Kc6 16. b4 Nxb4 17. Nc7 Nxa2+ 18. Kb2 Nb4 19. Ra1 Nd5 20. Na6
bxa6 21. Ra5 Nxf4 22. Raxc5+ Kd6 23. Rxc8 Rxc8 24. Rxc8 Nxg2 25. Ra8 f5 26. Rxa7
g5 27. Rxh7 Ke5 28. Rd7 Nf4 29. c4 g4 30. c5 Nd5 31. c6 Nb6 32. c7 Nxd7 33. c8=Q
Kd6 34. Qxa6+ Ke7 35. Kc3 Ne5 36. Qa7+ Kf6 37. Qd4 1-0

[Event "Czech Open A 2013"]
[Site "Pardubice CZE"]
[Date "2013.07.25"]
[Round "7.15"]
[White "Geller,J"]
[Black "Smith,Bry"]
[Result "1/2-1/2"]
[WhiteElo "2549"]
[BlackElo "2456"]
[EventDate "2013.07.19"]

1. e4 c5 2. Nf3 g6 3. d4 Bg7 4. Nc3 cxd4 5. Nxd4 Nc6 6. Be3 Nf6 7. Bc4 O-O 8.
Bb3 a5 9. a4 Ng4 10. Nxc6 Nxe3 11. Nxd8 Nxd1 12. Nd5 Rxd8 13. Rxd1 Kf8 14. Nb6
Ra6 15. Nxc8 Rxc8 16. Rxd7 Rb6 17. Ke2 Bxb2 18. Rhd1 Ba3 19. Rd8+ Rxd8 20. Rxd8+
Kg7 21. Rd5 Bb4 22. Rd7 Bc5 23. f4 Rb4 24. Kd3 b6 25. g4 f5 26. exf5 gxf5 27.
Rd5 Rxf4 28. Rxf5 Rxg4 29. Rf3 Rh4 30. h3 e5 31. Ke2 e4 32. Rg3+ Kf6 33. Rg4
Rxh3 34. Rxe4 h5 35. Re8 h4 36. Rh8 Ke5 37. Bf7 Kf4 38. Be8 Rh2+ 39. Kd3 Rh1 40.
Kc4 Rh2 41. Kd3 Bb4 42. Rh6 Rd2+ 43. Kc4 Rxc2+ 44. Kb5 Kg3 45. Rg6+ Kh2 46. Kxb6
h3 47. Bd7 Rg2 48. Rh6 Rg3 49. Bc6 Kg1 50. Ba8 h2 51. Rh5 Be1 52. Re5 Bc3 53.
Rd5 Rh3 54. Rg5+ Kf2 55. Rf5+ Kg3 56. Bh1 Bb4 57. Kb5 Rh8 58. Ka6 Kg4 59. Rf2
Rh5 60. Rf1 Rg5 61. Rf2 Kh3 62. Rf7 Be1 63. Rh7+ Bh4 64. Ba8 Re5 65. Rg7 Bg5 66.
Rh7+ Bh4 1/2-1/2

[Event "Czech Open A 2013"]
[Site "Pardubice CZE"]
[Date "2013.07.25"]
[Round "7.16"]
[White "Fernando,D"]
[Black "Gonda,L"]
[Result "0-1"]
[WhiteElo "2465"]
[BlackElo "2538"]
[EventDate "2013.07.19"]

1. e4 e5 2. Nf3 Nc6 3. Bb5 a6 4. Ba4 Nf6 5. O-O Be7 6. Re1 b5 7. Bb3 d6 8. c3
O-O 9. h3 Na5 10. Bc2 c5 11. d4 Nd7 12. Kh1 Re8 13. d5 Nf8 14. Nbd2 Ng6 15. b3
Rf8 16. Nf1 f5 17. exf5 Bxf5 18. Bxf5 Rxf5 19. Ng3 Rf7 20. Ne4 h6 21. Be3 Qd7
22. Nfd2 Nh4 23. a4 Qb7 24. axb5 axb5 25. b4 cxb4 26. cxb4 Nc4 27. Rxa8+ Qxa8
28. Nxc4 bxc4 29. Re2 Nf5 30. Qd2 Rf8 31. Nc3 Nxe3 32. fxe3 Rf1+ 33. Kh2 Qa1 34.
Qb2 Rh1+ 35. Kg3 Qf1 36. Qc2 Qf6 37. Qe4 h5 38. Qf3 Qh4# 0-1

[Event "Czech Open A 2013"]
[Site "Pardubice CZE"]
[Date "2013.07.25"]
[Round "7.17"]
[White "Lintchevski,D"]
[Black "Belyakov,B"]
[Result "0-1"]
[WhiteElo "2529"]
[BlackElo "2430"]
[EventDate "2013.07.19"]

1. d4 Nf6 2. c4 g6 3. Nc3 Bg7 4. e4 O-O 5. Nf3 d6 6. Be2 e5 7. Be3 Ng4 8. Bg5 f6
9. Bh4 g5 10. Bg3 Nh6 11. h3 Nc6 12. d5 Ne7 13. Bh2 g4 14. hxg4 Bxg4 15. Nh4
Bxe2 16. Qxe2 f5 17. Bg1 c6 18. dxc6 bxc6 19. f3 Qa5 20. Rd1 Rad8 21. g4 fxe4
22. fxe4 d5 23. cxd5 cxd5 24. g5 d4 25. gxh6 Bxh6 26. Qc4+ Kh8 27. Qa4 Qb6 28.
Ne2 Qf6 29. Nf5 Nxf5 30. exf5 d3 31. Qe4 dxe2 32. Rxd8 Rxd8 33. Kxe2 Qa6+ 34.
Ke1 Qa5+ 35. b4 Qxa2 36. Be3 Bxe3 37. Rxh7+ Kxh7 38. f6+ Kh8 39. Qh4+ Kg8 40.
Qg4+ Kf7 41. Qg7+ Ke6 42. Qe7+ Kf5 43. Qxd8 0-1

[Event "Czech Open A 2013"]
[Site "Pardubice CZE"]
[Date "2013.07.25"]
[Round "7.18"]
[White "Rozum,I"]
[Black "Vokac,M"]
[Result "1-0"]
[WhiteElo "2527"]
[BlackElo "2450"]
[EventDate "2013.07.19"]

1. d4 g6 2. e4 Bg7 3. Nc3 d6 4. Nf3 c6 5. Be2 b5 6. a4 b4 7. Nb1 Nf6 8. Nbd2 O-O
9. O-O Na6 10. Bd3 Nc7 11. c3 bxc3 12. bxc3 a5 13. Re1 Ba6 14. Bxa6 Rxa6 15. Ba3
Ne6 16. Qc2 Qc7 17. Rab1 Rb8 18. Rxb8+ Qxb8 19. e5 dxe5 20. Nxe5 Qc7 21. Nb3 Ra8
22. Qe2 Nd5 23. Nxf7 Nef4 24. Qc4 Kxf7 25. Rxe7+ Qxe7 26. Bxe7 Kxe7 27. g3 Ne6
28. Qxc6 Rd8 29. Nxa5 Rd7 30. Nb3 Rd6 31. Qc8 Nd8 32. Nc5 Bf8 33. a5 Nxc3 34. a6
Nb5 35. Qb8 Nxd4 36. a7 N4c6 37. Qc7+ Ke8 38. a8=Q Rd1+ 39. Kg2 Bxc5 40. Qcxc6+ 1-0

[Event "Czech Open A 2013"]
[Site "Pardubice CZE"]
[Date "2013.07.25"]
[Round "7.19"]
[White "Sundararajan,K"]
[Black "Neuman,P"]
[Result "1/2-1/2"]
[WhiteElo "2435"]
[BlackElo "2522"]
[EventDate "2013.07.19"]

1. d4 d5 2. c4 c6 3. Nf3 Nf6 4. Nc3 a6 5. e3 b5 6. b3 Bg4 7. Be2 Nbd7 8. h3 Bh5
9. O-O e6 10. Bb2 Bd6 11. Ne5 Bxe2 12. Nxe2 bxc4 13. bxc4 O-O 14. Rb1 Qc7 15.
Nxd7 Qxd7 16. Qc2 dxc4 17. Qxc4 Rfc8 18. Rfd1 Be7 19. Nc3 Nd5 20. Na4 Qa7 21.
Nc5 a5 22. e4 Nb4 23. Bc1 Bxc5 24. dxc5 Qa6 25. Qxa6 Nxa6 26. Be3 Nb4 27. Rb2
Rd8 28. Rxd8+ Rxd8 29. a3 Nd3 30. Rb6 Ne5 31. Bf4 Nc4 32. Rxc6 e5 33. Be3 Nxa3
34. Ra6 Nc4 35. Kf1 Rc8 36. Ke2 Kf8 37. c6 Nxe3 38. Kxe3 Ke7 39. Rxa5 Kd6 40.
Ra7 Rc7 41. Ra8 1/2-1/2

[Event "Czech Open A 2013"]
[Site "Pardubice CZE"]
[Date "2013.07.25"]
[Round "7.20"]
[White "Rzayev,B"]
[Black "Gretarsson,Hj"]
[Result "1/2-1/2"]
[WhiteElo "2429"]
[BlackElo "2511"]
[EventDate "2013.07.19"]

1. Nf3 c5 2. g3 g6 3. Bg2 Bg7 4. O-O Nc6 5. c4 e5 6. Nc3 Nge7 7. d3 d6 8. a3 O-O
9. Rb1 a5 10. Ne1 Be6 1/2-1/2

[Event "Czech Open A 2013"]
[Site "Pardubice CZE"]
[Date "2013.07.25"]
[Round "7.21"]
[White "Neverov,V"]
[Black "Plischki,S"]
[Result "1-0"]
[WhiteElo "2492"]
[BlackElo "2413"]
[EventDate "2013.07.19"]

1. d4 Nf6 2. c4 c5 3. d5 b5 4. cxb5 a6 5. bxa6 g6 6. Nc3 Bxa6 7. Nf3 d6 8. g3
Bg7 9. Bg2 Nfd7 10. O-O Nb6 11. Bf4 N8d7 12. Qc1 h6 13. Rd1 Nc4 14. Nd2 Nde5 15.
h4 Qa5 16. Ndb1 Nd7 17. b3 Nce5 18. Bd2 h5 19. Ne4 Qb6 20. Nbc3 O-O 21. Bh6 Bxh6
22. Qxh6 Ng4 23. Qf4 Kg7 24. Bh3 Ndf6 25. Nxf6 Nxf6 26. e4 Qb4 27. Rac1 Bc8 28.
Bxc8 Rfxc8 29. e5 Ng4 30. exd6 Qxf4 31. gxf4 exd6 32. Nb5 Rxa2 33. Nxd6 Rca8 34.
Ne4 Rb2 35. d6 Raa2 36. Nc3 Ra8 37. Ne4 Raa2 38. Ra1 Rxa1 39. Rxa1 Rxb3 40. d7
Rb8 41. Rd1 Rd8 42. Nxc5 Kf8 43. Nb7 Ke7 44. Re1+ 1-0

[Event "Czech Open A 2013"]
[Site "Pardubice CZE"]
[Date "2013.07.25"]
[Round "7.22"]
[White "Lalic,B"]
[Black "Westerberg,J"]
[Result "1/2-1/2"]
[WhiteElo "2489"]
[BlackElo "2410"]
[EventDate "2013.07.19"]

1. d4 Nf6 2. Nf3 e6 3. g3 b5 4. Bg2 Bb7 5. O-O c5 6. Na3 Qb6 7. c4 b4 8. Nc2 Be7
9. b3 O-O 10. Bb2 cxd4 11. Ncxd4 Na6 12. e3 Be4 13. Nd2 Bxg2 14. Kxg2 Qb7+ 15.
Qf3 1/2-1/2

[Event "Czech Open A 2013"]
[Site "Pardubice CZE"]
[Date "2013.07.25"]
[Round "7.23"]
[White "Galego,L"]
[Black "Kanovsky,D"]
[Result "0-1"]
[WhiteElo "2488"]
[BlackElo "2389"]
[EventDate "2013.07.19"]

1. e4 e6 2. Qe2 Be7 3. Nf3 d5 4. d3 Nf6 5. e5 Nfd7 6. g3 c5 7. Bg2 Nc6 8. O-O g5
9. h3 h5 10. g4 hxg4 11. hxg4 Qc7 12. Re1 b6 13. c3 Ba6 14. Nbd2 O-O-O 15. Nf1
Rdg8 16. Ng3 Rh4 17. Nxh4 gxh4 18. Nh5 Ncxe5 19. Bf4 Bd6 20. Bxe5 Nxe5 21. Nf6
Rh8 22. Rad1 h3 23. Bf3 Qd8 24. g5 Nd7 25. Kh1 Nxf6 26. gxf6 Qxf6 27. Rg1 Kc7
28. Rg4 Rh5 29. Rdg1 Rf5 30. R1g3 Bxg3 31. Rxg3 d4 32. Qe4 Rxf3 33. Rxf3 Qxf3+
34. Qxf3 Bb7 35. Qxb7+ Kxb7 36. cxd4 cxd4 37. Kh2 e5 0-1

[Event "Czech Open A 2013"]
[Site "Pardubice CZE"]
[Date "2013.07.25"]
[Round "7.24"]
[White "Dauth,B"]
[Black "Gutman,G"]
[Result "0-1"]
[WhiteElo "2349"]
[BlackElo "2477"]
[EventDate "2013.07.19"]

1. e4 c5 2. c3 d6 3. d4 Nf6 4. dxc5 Nc6 5. Bb5 Nxe4 6. Be3 Bd7 7. cxd6 Nxd6 8.
Na3 Nf5 9. Bc5 b6 10. Qf3 Rc8 11. g4 Ne5 12. Qxf5 Rxc5 13. O-O-O Rxb5 14. Nxb5
Bxf5 15. gxf5 Nd3+ 16. Kc2 Nxf2 17. Nf3 Nxd1 18. Rxd1 Qc8 19. Nfd4 a6 20. Na7
Qc7 21. Nac6 g6 0-1

[Event "Czech Open A 2013"]
[Site "Pardubice CZE"]
[Date "2013.07.25"]
[Round "7.25"]
[White "Ponizil,C"]
[Black "Idani,P"]
[Result "0-1"]
[WhiteElo "2402"]
[BlackElo "2476"]
[EventDate "2013.07.19"]

1. e4 d6 2. d4 Nf6 3. Nc3 g6 4. Be3 c6 5. f4 Bg7 6. Nf3 O-O 7. h3 b5 8. e5 Nfd7
9. a4 b4 10. Ne4 Nb6 11. Qd2 a5 12. Bd3 Qc7 13. O-O f5 14. Nf2 Be6 15. c3 bxc3
16. bxc3 c5 17. Ng5 Bd5 18. dxc5 dxc5 19. c4 Nxc4 20. Bxc4 Bxc4 21. Rfc1 Rd8 22.
Qb2 Bd5 23. Rxc5 Nc6 24. Rac1 h6 25. Qb5 Rab8 26. Rxc6 Qxc6 27. Rxc6 Rxb5 28.
axb5 hxg5 29. Rxg6 e6 30. Rxg5 a4 31. Rg3 a3 32. Bc5 a2 33. Ra3 Rc8 34. Nd3 Bf8 0-1

[Event "Czech Open A 2013"]
[Site "Pardubice CZE"]
[Date "2013.07.25"]
[Round "7.26"]
[White "Narayanan,Sri"]
[Black "Griffiths,R"]
[Result "1/2-1/2"]
[WhiteElo "2475"]
[BlackElo "2372"]
[EventDate "2013.07.19"]

1. e4 e5 2. Nf3 Nf6 3. Nc3 Nc6 4. d4 exd4 5. Nxd4 Bb4 6. Nxc6 bxc6 7. Bd3 d5 8.
exd5 cxd5 9. O-O O-O 10. h3 c6 11. Qf3 Bd6 12. Re1 Rb8 13. b3 Be6 14. Bf4 Qc7
15. Ne2 Rfe8 16. Rad1 Bxf4 17. Nxf4 Bd7 18. c4 Qa5 19. Re2 Rxe2 20. Qxe2 Re8 21.
Qd2 Qxd2 22. Rxd2 Re1+ 23. Kh2 g5 24. Ne2 h6 25. f3 c5 26. Kg3 d4 27. Kf2 Ra1
28. b4 cxb4 29. Nxd4 Kf8 30. Nb3 Rh1 31. Bf1 h5 32. Rd6 Be6 33. Rd8+ Ke7 34. Ra8
g4 35. Rxa7+ Kd6 36. hxg4 hxg4 37. Bd3 gxf3 38. gxf3 Nd7 39. Ra6+ Kc7 40. Nd4
Ne5 41. Nxe6+ fxe6 42. Be4 Ra1 43. f4 b3 44. Ra7+ Kd6 45. fxe5+ Kxe5 46. Ke3
Re1+ 47. Kd2 Ra1 48. Ke3 Re1+ 49. Kd3 bxa2 50. Ra5+ Kf4 51. Rxa2 Re3+ 52. Kd2
Kxe4 1/2-1/2

[Event "Czech Open A 2013"]
[Site "Pardubice CZE"]
[Date "2013.07.25"]
[Round "7.27"]
[White "Richter,Mic"]
[Black "Trjapishko,A"]
[Result "1/2-1/2"]
[WhiteElo "2470"]
[BlackElo "2221"]
[EventDate "2013.07.19"]

1. d4 Nf6 2. c4 g6 3. Nc3 d5 4. cxd5 Nxd5 5. Bd2 Bg7 6. e4 Nxc3 7. Bxc3 O-O 8.
Qd2 Nd7 9. Nf3 Nb6 10. a4 f5 11. e5 h6 12. h4 Kh7 13. Bd3 Nd5 14. O-O-O Be6 15.
Bc2 Qd7 16. Ne1 b6 17. f4 h5 18. Nf3 Bh6 19. g3 a5 20. Qe2 c6 21. Nd2 c5 22.
dxc5 Rfc8 23. Nc4 Nxc3 24. bxc3 Qc6 25. Nxb6 Qxc5 26. Nxc8 Rxc8 27. Rd3 Bc4 28.
Rhd1 Qa3+ 29. Kd2 Ba6 30. Qe3 Bxd3 31. Qxd3 Qc5 32. Qd4 Qc7 33. Kc1 Qxc3 34.
Qxc3 Rxc3 35. Rd3 Rxd3 36. Bxd3 e6 37. Bc4 Bf8 38. Kd2 Bc5 39. Ke2 Kg7 40. Bxe6
Kf8 41. Bc4 Ke7 42. Bg8 Kf8 43. Bc4 Ke7 44. Bd3 Ke6 45. Kf3 Bb6 46. Bb5 Ke7 47.
Ke2 Bc5 48. Bd3 Ke6 49. Kf3 1/2-1/2

[Event "Czech Open A 2013"]
[Site "Pardubice CZE"]
[Date "2013.07.25"]
[Round "7.28"]
[White "Piorun,K"]
[Black "Hampel,F"]
[Result "1-0"]
[WhiteElo "2566"]
[BlackElo "2121"]
[EventDate "2013.07.19"]

1. c4 Nf6 2. Nc3 g6 3. e4 d6 4. g3 Bg7 5. Bg2 O-O 6. Nge2 e5 7. O-O Be6 8. d3
Nc6 9. Nd5 Nd4 10. Nxd4 exd4 11. Nxf6+ Bxf6 12. f4 Bg7 13. Qf3 Bd7 14. f5 f6 15.
h4 Qc8 16. g4 Rb8 17. Qf2 b5 18. Qxd4 Qb7 19. h5 g5 20. e5 fxe5 21. Bxb7 exd4
22. Bd5+ Kh8 23. Bxg5 c6 24. Be6 Bxe6 25. fxe6 h6 26. Bf4 Rbe8 27. cxb5 cxb5 28.
Rae1 Rf6 29. e7 d5 30. g5 hxg5 31. Bxg5 Ra6 32. Rf5 Kg8 33. Re2 Kh7 34. Rxd5 Bf6
35. Bxf6 Rxf6 36. Rd8 1-0

[Event "Czech Open A 2013"]
[Site "Pardubice CZE"]
[Date "2013.07.25"]
[Round "7.29"]
[White "Rojicek,V"]
[Black "Cvek,R"]
[Result "1/2-1/2"]
[WhiteElo "2413"]
[BlackElo "2527"]
[EventDate "2013.07.19"]

1. d4 Nf6 2. c4 e6 3. Nc3 d5 4. cxd5 exd5 5. Bg5 c6 6. e3 Be7 7. Bd3 Nbd7 8. Qc2
Nh5 9. Bxe7 Qxe7 10. Nge2 g6 11. h3 Nb6 12. O-O-O Bd7 13. g4 Ng7 14. Nf4 Qd6 15.
f3 O-O-O 16. Qh2 Kb8 17. e4 dxe4 18. fxe4 Ne6 19. Nxe6 Bxe6 20. Be2 Qxh2 21.
Rxh2 Rd7 22. Bf3 Rhd8 23. Rhd2 f6 24. b3 Bf7 25. Ne2 g5 26. Ng3 Bg6 27. Kb2 Na8
28. Nh5 Rd6 29. Kc3 Nc7 30. a4 a5 31. Ng7 Ne6 32. Nf5 R6d7 33. h4 gxh4 34. Nxh4
Ng5 35. Re2 Re7 36. Nxg6 hxg6 37. Bg2 Rde8 38. Rde1 Kc7 39. Kc4 Kb6 40. e5 Nf7
41. Be4 fxe5 42. Bxg6 Rg8 43. Bh5 Nd6+ 44. Kd3 e4+ 45. Ke3 Nf7 46. Rf1 Nh6 47.
Rg2 Reg7 48. Kxe4 1/2-1/2

[Event "Czech Open A 2013"]
[Site "Pardubice CZE"]
[Date "2013.07.25"]
[Round "7.30"]
[White "Haba,P"]
[Black "Potapov,Alexa1"]
[Result "1/2-1/2"]
[WhiteElo "2522"]
[BlackElo "2389"]
[EventDate "2013.07.19"]

1. e4 e5 2. Nf3 Nc6 3. Bb5 a6 4. Ba4 Nf6 5. O-O b5 6. Bb3 Bb7 7. c3 Nxe4 8. d4
Na5 9. Bc2 exd4 10. b4 Nc4 11. Bxe4 Bxe4 12. Re1 d5 13. Nxd4 c5 14. bxc5 Bxc5
15. f3 O-O 16. fxe4 dxe4 17. Rxe4 Qd5 18. Qf3 Rad8 19. Nd2 f5 20. Rf4 Nxd2 21.
Qxd5+ Rxd5 22. Bxd2 b4 23. Kf1 Bd6 24. Rh4 Rc8 25. Rc1 Rc4 26. cxb4 Rcxd4 27.
Rxd4 Rxd4 28. Rc8+ Kf7 29. Bc3 Rf4+ 30. Ke2 Bxb4 31. Bxb4 Rxb4 32. Rc7+ Kf6 33.
Rc6+ Ke5 34. Rxa6 g5 35. Ra3 1/2-1/2

[Event "Czech Open A 2013"]
[Site "Pardubice CZE"]
[Date "2013.07.25"]
[Round "7.31"]
[White "Nun,Ji"]
[Black "Krejci,Jan2"]
[Result "0-1"]
[WhiteElo "2387"]
[BlackElo "2521"]
[EventDate "2013.07.19"]

1. e4 c5 2. Nf3 e6 3. b3 b6 4. Bb2 Bb7 5. Nc3 Nc6 6. g3 d6 7. Bg2 Nf6 8. O-O a6
9. d4 cxd4 10. Nxd4 Qc7 11. Nxc6 Bxc6 12. f3 Be7 13. Ne2 O-O 14. Nd4 Bb7 15. c4
b5 16. cxb5 axb5 17. Kh1 Qb6 18. Qd2 b4 19. Nc2 Ba6 20. Rfc1 Rfb8 21. Ne3 Nd7
22. Nc4 Bxc4 23. Rxc4 Bf6 24. Bxf6 Nxf6 25. Rac1 h6 26. Rc6 Qa5 27. R1c2 Qe5 28.
Qd1 Ne8 29. f4 Qb5 30. e5 d5 31. R6c5 Qb6 32. Rc6 Qb5 33. R6c5 Qd7 34. f5 Ra6
35. fxe6 fxe6 36. Bf1 Ra7 37. Bd3 Rba8 38. Rb5 Rxa2 39. Rxa2 Rxa2 40. Rb8 Qf7
41. Bb1 Rb2 42. Qd3 Kf8 43. Rc8 Rxb3 44. Qd1 Rb2 45. Bd3 Ke7 46. Bb5 Qf5 47.
Rxe8+ Kf7 48. Bd3 Qh3 49. Be2 Rxe2 50. Qxe2 Kxe8 51. Qb5+ Kf7 52. Qd7+ Kg6 53.
Qe8+ Kh7 0-1

[Event "Czech Open A 2013"]
[Site "Pardubice CZE"]
[Date "2013.07.25"]
[Round "7.32"]
[White "Stupak,K"]
[Black "Cerveny,M"]
[Result "1-0"]
[WhiteElo "2510"]
[BlackElo "2357"]
[EventDate "2013.07.19"]

1. d4 d5 2. Nf3 Nf6 3. c4 c6 4. Nc3 dxc4 5. a4 Bf5 6. g3 Na6 7. Nh4 e6 8. Nxf5
exf5 9. e3 Nb4 10. a5 h5 11. Bxc4 Qd7 12. h4 Bd6 13. Qb3 O-O 14. Bd2 Rfe8 15.
Be2 Re7 16. O-O Rae8 17. Ra4 f4 18. exf4 Qh3 19. Bf3 Nd3 20. Bg2 Qg4 21. Raa1
Bxf4 22. Bxf4 Nxf4 23. gxf4 Qxf4 24. Na2 Qxd4 25. Qb4 Qd7 26. Rfe1 Nd5 27. Rxe7
Rxe7 28. Bxd5 cxd5 29. Rd1 Re6 30. Rd3 Qe8 31. Nc3 Rg6+ 32. Kf1 Rg4 33. Rd4 Qe6
34. Rxg4 hxg4 35. Qxb7 g3 36. Qa8+ Kh7 37. Qxd5 Qa6+ 38. Qb5 Qg6 39. h5 Qg4 40.
Qd3+ f5 41. Qxg3 Qxh5 42. Kg2 Qf7 43. Qh2+ Kg8 44. Qe5 1-0

[Event "Czech Open A 2013"]
[Site "Pardubice CZE"]
[Date "2013.07.25"]
[Round "7.33"]
[White "Boros,De"]
[Black "Arngrimsson,D"]
[Result "1-0"]
[WhiteElo "2504"]
[BlackElo "2384"]
[EventDate "2013.07.19"]

1. e4 c5 2. Nf3 d6 3. d4 cxd4 4. Nxd4 Nf6 5. Nc3 g6 6. Be3 Bg7 7. f3 O-O 8. Qd2
Nc6 9. Bc4 Bd7 10. O-O-O Ne5 11. Bb3 Rb8 12. Bh6 Bxh6 13. Qxh6 Kh8 14. h4 b5 15.
h5 g5 16. Qxg5 a5 17. f4 Neg4 18. e5 b4 19. exf6 exf6 20. Qd5 bxc3 21. Nc6 Bxc6
22. Qxc6 cxb2+ 23. Kb1 Rb6 24. Qf3 Qd7 25. Rd4 Rb4 26. Rhd1 Rxd4 27. Rxd4 Re8
28. Qd5 Kg7 29. Qxa5 Re2 30. g3 Ne3 31. Qc3 Qb7 32. h6+ Kxh6 33. Rxd6 Kh5 34.
Qxf6 Kg4 35. Qh4+ Kf3 36. Qh1+ Rg2 37. Rd3 Kf2 38. Rd2+ Kxg3 39. Qe1+ Kxf4 40.
Rd4+ Kf3 41. Rd3 1-0

[Event "Czech Open A 2013"]
[Site "Pardubice CZE"]
[Date "2013.07.25"]
[Round "7.34"]
[White "Vyskocil,N"]
[Black "Toth,E"]
[Result "1-0"]
[WhiteElo "2374"]
[BlackElo "2471"]
[EventDate "2013.07.19"]

1. d4 g6 2. g3 Nf6 3. Bg2 Bg7 4. e4 d6 5. Ne2 O-O 6. O-O c6 7. a4 a5 8. Nbc3 Na6
9. h3 Qc7 10. Be3 e5 11. Qd2 Re8 12. f4 Nb4 13. Rf2 exd4 14. Bxd4 d5 15. exd5
cxd5 16. Be5 Qb6 17. Bd4 Qc6 18. Bxf6 Qxf6 19. Rd1 Bf5 20. Nd4 Be4 21. Re2 Rad8
22. Ncb5 h5 23. h4 Nc6 24. c3 Nxd4 25. Nxd4 Qb6 26. Kh2 Bxg2 27. Rxe8+ Rxe8 28.
Kxg2 Bxd4 29. cxd4 Qb3 30. Rc1 Re3 31. Rc3 Rxc3 32. Qxc3 Qxa4 33. f5 Qe8 34.
fxg6 Qe4+ 35. Kh2 Qxg6 36. Qxa5 Qc2+ 37. Kh3 Qf5+ 38. Kg2 Qe4+ 39. Kh2 Qxd4 40.
Qa8+ Kg7 41. Qxb7 Qf2+ 42. Kh3 Qf1+ 43. Kh2 Qe2+ 44. Kh3 d4 45. Qd5 Qe6+ 46.
Qxe6 fxe6 47. Kg2 Kf6 48. Kf3 Ke5 49. b4 Kd5 50. b5 Kc5 51. b6 Kxb6 52. g4 hxg4+
53. Kxg4 Kc5 54. h5 Kc4 55. h6 d3 56. Kf3 1-0

[Event "Czech Open A 2013"]
[Site "Pardubice CZE"]
[Date "2013.07.25"]
[Round "7.35"]
[White "Bryzgalin,K"]
[Black "Bures,J"]
[Result "1/2-1/2"]
[WhiteElo "2470"]
[BlackElo "2379"]
[EventDate "2013.07.19"]

1. d4 Nf6 2. Nf3 e6 3. Bg5 c5 4. e3 h6 5. Bh4 cxd4 6. exd4 Qb6 7. Qc1 Nc6 8. c3
d5 9. Nbd2 g5 10. Bg3 Nh5 11. Bd3 g4 12. Ng1 Nxg3 13. hxg3 e5 14. Ne2 exd4 15.
Nxd4 Nxd4 16. cxd4 Qxd4 17. Bb5+ Kd8 18. O-O Be6 19. Nb3 Qb4 20. Be2 Rc8 21. Qe3
Qe4 22. Qxe4 dxe4 23. Nd4 Bd7 24. Rfd1 1/2-1/2

[Event "Czech Open A 2013"]
[Site "Pardubice CZE"]
[Date "2013.07.25"]
[Round "7.36"]
[White "Chos,A"]
[Black "Kovalev,An"]
[Result "1-0"]
[WhiteElo "2362"]
[BlackElo "2470"]
[EventDate "2013.07.19"]

1. e4 c5 2. Nf3 e6 3. c4 Nc6 4. Nc3 Nd4 5. Nxd4 cxd4 6. Ne2 e5 7. Ng3 g6 8. Be2
h5 9. O-O h4 10. Nh1 Bh6 11. d3 Qf6 12. Bg4 Bxc1 13. Rxc1 Qg5 14. Bh3 Nf6 15. f4
exf4 16. Qf3 d6 17. Nf2 Nd7 18. Bxd7+ Bxd7 19. Nh3 Bxh3 20. Qxh3 Qe5 21. b4 b6
22. Rc2 Ke7 23. Rfc1 Rac8 24. a4 g5 25. a5 Qe6 26. Qf3 bxa5 27. c5 Kf6 28. bxa5
Rxc5 29. Rxc5 dxc5 30. Rxc5 h3 31. Rc6 1-0

[Event "Czech Open A 2013"]
[Site "Pardubice CZE"]
[Date "2013.07.25"]
[Round "7.37"]
[White "Repka,C"]
[Black "Akesson,R"]
[Result "1/2-1/2"]
[WhiteElo "2361"]
[BlackElo "2469"]
[EventDate "2013.07.19"]

1. d4 Nf6 2. Nf3 e6 3. Bf4 b6 4. e3 Bb7 5. Bd3 Be7 6. O-O Nh5 7. c4 Nxf4 8. exf4
Bf6 9. Nc3 Nc6 10. d5 Ne7 11. Ne4 Ng6 12. f5 exf5 13. Nxf6+ Qxf6 14. Re1+ Kf8
15. Qc2 d6 16. Bxf5 Ne7 17. Bd3 g6 18. Re4 Kg7 19. Qd2 h5 20. Rf4 Nf5 21. Bxf5
gxf5 22. Nd4 Bc8 23. Re1 Bd7 24. Re3 Rae8 25. Rg3+ Kf8 26. h4 Rg8 27. Rgf3 Rg4
28. g3 Re4 29. Rxe4 Rxe4 30. Rf4 a5 31. Ne2 Qe5 32. Rxe4 fxe4 33. Qh6+ 1/2-1/2

[Event "Czech Open A 2013"]
[Site "Pardubice CZE"]
[Date "2013.07.25"]
[Round "7.38"]
[White "Malinovsky,K"]
[Black "Sergeyev,A"]
[Result "1-0"]
[WhiteElo "2462"]
[BlackElo "2368"]
[EventDate "2013.07.19"]

1. e4 e5 2. Nf3 Nc6 3. Bb5 Nf6 4. d3 Bc5 5. c3 d6 6. O-O O-O 7. h3 Ne7 8. Re1
Ng6 9. Nbd2 a6 10. Ba4 b5 11. Bb3 Bb7 12. Nf1 d5 13. Ng3 dxe4 14. dxe4 Qxd1 15.
Bxd1 Rfe8 16. Bc2 Nf4 17. Nxe5 Nxh3+ 18. gxh3 Rxe5 19. Bf4 Re7 20. Kg2 Bd6 21.
Bxd6 cxd6 22. Rad1 Rd8 23. Rd4 g6 24. Red1 Rde8 25. Rxd6 Nxe4 26. Bxe4 Bxe4+ 27.
Nxe4 Rxe4 28. Rxa6 Re2 29. b4 Rc2 30. Rd3 Ree2 31. Ra8+ Kg7 32. Rf3 Rxa2 33. Rb8
f5 34. Rxb5 Re1 35. Rb7+ Kh6 36. c4 Raa1 37. Re3 Rh1 38. Kg3 Rag1+ 39. Kf4 Rg2
40. Ke5 Rxf2 41. c5 Rc1 42. Kf6 Ra2 43. b5 Ra8 44. c6 f4 45. Ree7 Rf8+ 46. Rf7
Rxf7+ 47. Rxf7 Rc5 48. Ke6 Rxb5 49. Rxf4 Rc5 50. Kd6 Rc3 51. c7 Kg5 52. Rd4 1-0

[Event "Czech Open A 2013"]
[Site "Pardubice CZE"]
[Date "2013.07.25"]
[Round "7.39"]
[White "Potapov,P"]
[Black "Savitskiy,S"]
[Result "1/2-1/2"]
[WhiteElo "2460"]
[BlackElo "2351"]
[EventDate "2013.07.19"]

1. e4 c5 2. c3 Nf6 3. e5 Nd5 4. Bc4 Nb6 5. Bb3 Nc6 6. Nf3 d5 7. exd6 Qxd6 8. O-O
c4 9. Bc2 Bg4 10. h3 Bh5 11. Re1 e6 12. Na3 Qd7 13. b3 cxb3 14. axb3 Be7 15. d4
O-O 16. Nc4 Nxc4 17. bxc4 Rfd8 18. Be4 Bg6 19. Qe2 Bxe4 20. Qxe4 Rac8 21. Bg5
Bxg5 22. Nxg5 g6 23. Qh4 h5 24. Ne4 Qe7 25. Qxe7 Nxe7 26. Rxa7 Rxc4 27. Rxb7 Nd5
28. Ra1 Nxc3 29. Ng5 Rcxd4 30. Raa7 Ra4 31. Rxf7 Rxa7 32. Rxa7 Ne2+ 33. Kh2 Nd4
34. g3 Rd5 35. h4 Rf5 36. Kg2 Rd5 37. Rb7 Rf5 38. Ne4 Rf7 39. Rb4 e5 40. Rb8+
Rf8 41. Nf6+ Kf7 42. Rxf8+ Kxf8 43. Nd7+ Ke7 44. Nxe5 Kf6 45. Nf3 Nf5 46. Kf1
Nh6 47. Ke2 Ng4 48. Nd2 Kf5 49. Nc4 Nf6 50. Kd3 Ke6 51. Ne3 Ke5 52. f3 Nd7 53.
Kc4 Nb6+ 54. Kc3 Nd7 55. Kd3 Nc5+ 56. Kc4 Ne6 57. Nc2 g5 58. hxg5 Nxg5 59. Nd4
Nxf3 60. Nxf3+ Kf5 61. Nh2 Ke4 62. Kc3 Ke3 63. g4 1/2-1/2